Schnelle Mathematik - Potenzrechnen Level 02 - Statistiken

Allgemein
  • Dieses Quiz wurde 224 mal gespielt
  • Das Durchschnittsergebnis liegt bei 19 aus 20
Antwortstatistiken
Zahl Ergebnis % Korrekt
0
100%
1
100%
1
100%
3⁰ 1
100%
4⁰ 1
100%
7⁰ 1
100%
10² 100
100%
125
100%
25
100%
4
100%
49
100%
6
100%
9
100%
27
98%
0
97%
1⁰ 1
97%
6⁰ 1
97%
8⁰ 1
97%
10⁰ 1
97%
2⁴ 16
97%
16
97%
2
97%
3
97%
64
97%
81
97%
9⁰ 1
96%
4
96%
7
96%
8
96%
5
95%
10¹ 10
94%
9
94%
0
93%
2⁵ 32
93%
5⁰ 1
92%
10³ 1000
92%
36
92%
1
91%
2⁰ 1
91%
8
91%
4⁴ 256
90%
64
90%
5⁴ 625
88%
2⁶ 64
87%
3⁴ 81
83%
512
76%
343
73%
216
70%
729
70%
Keine übereinstimmenden Quizze gefunden
Verteilung der Resultate
Anzahl Personen mit jedem Resultat
Perzentil nach korrekt beantworteten Fragen
Ihre Resultats-Entwicklung
Sie haben dieses Quiz noch nicht gespielt